[Event "Bad Woerishofen Seniors op 30th"]
[Site "Bad Woerishofen"]
[Date "2014.03.24"]
[Round "4"]
[White "Kuenstler, Siegfried"]
[Black "Storkebaum, Karl Heinrich"]
[Result "0-1"]
[WhiteElo "1873"]
[BlackElo "1959"]
[PlyCount "52"]
[EventDate "2014.03.21"]
[EventType "swiss"]
[EventRounds "9"]
[EventCountry "GER"]
[SourceTitle "EXT 2019"]
[Source "ChessBase"]
[SourceDate "2018.10.10"]
[SourceVersion "1"]
[SourceVersionDate "2018.10.10"]
[SourceQuality "1"]

1. b3 d5 2. e3 e5 3. Bb2 Bd6 4. d4 e4 5. c4 c6 6. cxd5 cxd5 7. Bb5+ Bd7 8. Bxd7+ Qxd7 9. Nc3 Nf6 10. f3 Bb4 11. a3 Bxc3+ 12. Bxc3 0-0 13. Nh3 exf3 14. Qxf3 Qb5 15. Bb4 Re8 16. Qe2 Qxe2+ 17. Kxe2 Nc6 18. Bd2 Nxd4+ 19. Kd3 Nxb3 20. Rab1 Nxd2 21. Kxd2 b6 22. Nf4 Ng4 23. Ne2 Nxe3 24. Ke1 Rac8 25. Rb5 Rc5 26. Rxc5 bxc5 0-1

[Event "Bad Woerishofen Seniors op 30th"]
[Site "Bad Woerishofen"]
[Date "2014.03.21"]
[Round "1"]
[White "Rahn, Oskar"]
[Black "Kuenstler, Siegfried"]
[Result "1-0"]
[WhiteElo "2123"]
[BlackElo "1873"]
[PlyCount "95"]
[EventDate "2014.03.21"]
[EventType "swiss"]
[EventRounds "9"]
[EventCountry "GER"]
[SourceTitle "EXT 2019"]
[Source "ChessBase"]
[SourceDate "2018.10.10"]
[SourceVersion "1"]
[SourceVersionDate "2018.10.10"]
[SourceQuality "1"]

1. e4 d5 2. exd5 Qxd5 3. Nc3 Qd8 4. Bc4 Nf6 5. Nf3 e6 6. d4 b6 7. Qe2 Be7 8. Bf4 0-0 9. 0-0 Bb7 10. Rad1 Bd6 11. Be5 Re8 12. Rfe1 Nc6 13. a3 Qe7 14. Bd3 Rad8 15. Qe3 Nb8 16. Ng5 h6 17. Nge4 Nbd7 18. Qg3 Bxe5 19. dxe5 Nxe4 20. Nxe4 Nc5 21. Nf6+ Kf8 22. Nxe8 Qxe8 23. b4 Nxd3 24. Rxd3 Bd5 25. Qh4 b5 26. Qd4 Ra8 27. Qc5+ Qe7 28. Qxe7+ Kxe7 29. Rc3 c6 30. f4 a5 31. Rb1 axb4 32. Rxb4 f5 33. exf6+ Kxf6 34. a4 bxa4 35. Ra3 g5 36. Raxa4 Rxa4 37. Rxa4 Kf5 38. g3 g4 39. c4 Bf3 40. Ra5+ Kg6 41. Re5 Kf6 42. Kf2 Bd1 43. Ke3 Bf3 44. Kd4 Bg2 45. Kc5 Bf1 46. Re3 Kf5 47. Re1 Bg2 48. Kd6 1-0

[Event "Guernsey op"]
[Site "Guernsey"]
[Date "2013.10.23"]
[Round "4"]
[White "Kraft, Karl Heinz"]
[Black "Kuenstler, Siegfried"]
[Result "1-0"]
[WhiteElo "2023"]
[BlackElo "1885"]
[PlyCount "49"]
[EventDate "2013.10.20"]
[EventType "swiss"]
[EventRounds "7"]
[EventCountry "GCI"]
[SourceTitle "CBM 157 Extra"]
[Source "ChessBase"]
[SourceDate "2013.12.19"]
[SourceVersion "1"]
[SourceVersionDate "2013.12.19"]
[SourceQuality "1"]

1. e4 d5 2. exd5 Qxd5 3. Nc3 Qd8 4. Bc4 Nf6 5. d3 Bg4 6. f3 Bh5 7. Nge2 e6 8. Nf4 Bc5 9. Qe2 0-0 10. Be3 Bxe3 11. Qxe3 e5 12. Nfe2 Nbd7 13. 0-0-0 c6 14. h4 Bg6 15. g4 h5 16. Rdg1 Kh8 17. Ng3 Qb6 18. Qd2 Qc5 19. gxh5 Nxh5 20. Nxh5 Bxh5 21. Qg5 g6 22. Qh6+ Kg8 23. Qxh5 Qe3+ 24. Kb1 b5 25. Rxg6# 1-0

[Event "Guernsey op"]
[Site "Guernsey"]
[Date "2013.10.21"]
[Round "2"]
[White "Kuenstler, Siegfried"]
[Black "Dijksterhuis, Rolf"]
[Result "1/2-1/2"]
[WhiteElo "1885"]
[BlackElo "1988"]
[PlyCount "78"]
[EventDate "2013.10.20"]
[EventType "swiss"]
[EventRounds "7"]
[EventCountry "GCI"]
[SourceTitle "CBM 157 Extra"]
[Source "ChessBase"]
[SourceDate "2013.12.19"]
[SourceVersion "1"]
[SourceVersionDate "2013.12.19"]
[SourceQuality "1"]

1. e4 c5 2. b3 Nc6 3. Bb2 e5 4. Nf3 d6 5. Bb5 Nf6 6. Nc3 Be7 7. 0-0 0-0 8. Bxc6 bxc6 9. d3 Bg4 10. h3 Bh5 11. Qe2 Ne8 12. g4 Bg6 13. Nd1 Nc7 14. Ne3 Ne6 15. Ng2 f6 16. Nfh4 Bf7 17. Nf5 Re8 18. Qd2 Bf8 19. f4 g6 20. Nfe3 Bh6 21. fxe5 fxe5 22. Qf2 Nf4 23. Nxf4 Bxf4 24. Ng2 g5 25. Ne3 Be6 26. Nf5 Bxf5 27. exf5 Qb6 28. Bc1 Re7 29. Be3 Rae8 30. Kg2 Qb4 31. Rae1 Qc3 32. Re2 Kf7 33. Rfe1 h6 34. a4 Bxe3 35. Rxe3 Kf6 36. R1e2 d5 37. Qg3 Qd4 38. Qe1 Qf4 39. Qg3 Qd4 1/2-1/2